|
|
|
|
| LEADER |
00000nam0a2200000 4500 |
| 001 |
342545 |
| 005 |
20231102005450.0 |
| 010 |
|
|
|a 9785534037487
|
| 035 |
|
|
|a (RuTPU)RU\TPU\book\371667
|
| 035 |
|
|
|a RU\TPU\book\355545
|
| 035 |
|
|
|a RU\TPU\book\367103
|
| 090 |
|
|
|a 342545
|
| 100 |
|
|
|a 20180315d2019 m y0rusy50 ca
|
| 101 |
0 |
|
|a rus
|
| 102 |
|
|
|a RU
|
| 105 |
|
|
|a a j 001zy
|
| 200 |
1 |
|
|a Взрывные работы
|e учебник для вузов
|f В. Г. Лукьянов, В. И. Комащенко, В. А. Шмурыгин
|g Национальный исследовательский Томский политехнический университет (ТПУ)
|
| 205 |
|
|
|a 2-е изд.
|
| 210 |
|
|
|a Москва
|c Юрайт
|d 2019
|
| 215 |
|
|
|a 402 с.
|c ил.
|
| 225 |
1 |
|
|a Университеты России
|
| 300 |
|
|
|a Книга доступна в электронной библиотечной системе biblio-online.ru
|
| 320 |
|
|
|a Библиогр.: с. 396-398
|
| 320 |
|
|
|a Условные обозначения: с. 395
|
| 330 |
|
|
|a Серия «Университеты России» позволит высшим учебным заведениям нашей страны использовать в образовательном процессе учебники и учебные пособия но различным дисциплинам, подготовленные преподавателями лучших университетов России и впервые опубликованные в издательствах университетов. Все представленные в этой серии учебники прошли экспертную оценку учебно-методического отдела издательства и публикуются в оригинальной редакции. В учебнике описываются методы буровых и взрывных работ, даются характеристики взрывчатых материалов, приведены способы бурения при разрушении горных пород, большое внимание уделяется основам теории взрыва и взрывчатых веществ. Изложены общие сведения о прострелочно-взрывных работах, ядерных взрывах в промышленности и охране окружающей среды. Рассмотрены правила безопасного хранения, перевозки и уничтожения взрывчатых материалов. Предназначен для студентов геологических направлений, специалистов в области взрывных работ, инженерно-технических работников, занимающихся горным делом, слушателей курсов дополнительного обучения.
|
| 606 |
1 |
|
|a Взрывные работы
|2 stltpush
|3 (RuTPU)RU\TPU\subj\2381
|9 30957
|
| 610 |
1 |
|
|a горное дело
|
| 610 |
1 |
|
|a горные породы
|
| 610 |
1 |
|
|a разрушение
|
| 610 |
1 |
|
|a буровые работы
|
| 610 |
1 |
|
|a взрывные скважины
|
| 610 |
1 |
|
|a шпуры
|
| 610 |
1 |
|
|a бурение
|
| 610 |
1 |
|
|a взрыв
|
| 610 |
1 |
|
|a взрывчатые вещества
|
| 610 |
1 |
|
|a геологическая разведка
|
| 610 |
1 |
|
|a инженерная геология
|
| 610 |
1 |
|
|a сжимаемые горные породы
|
| 610 |
1 |
|
|a прострелочно-взрывные работы
|
| 610 |
1 |
|
|a ядерные взрывные работы
|
| 610 |
1 |
|
|a окружающая среда
|
| 610 |
1 |
|
|a учебники
|
| 610 |
1 |
|
|a труды учёных ТПУ
|
| 610 |
1 |
|
|a экология
|
| 610 |
1 |
|
|a негативные экологические последствия
|
| 675 |
|
|
|a 622.235.6(075.8)
|v 4
|
| 700 |
|
1 |
|a Лукьянов
|b В. Г.
|c горный инженер
|c профессор Томского политехнического университета, доктор технических наук
|f 1930-
|g Виктор Григорьевич
|2 stltpush
|3 (RuTPU)RU\TPU\pers\12910
|
| 701 |
|
1 |
|a Комащенко
|b В. И.
|g Виталий Иванович
|
| 701 |
|
1 |
|a Шмурыгин
|b В. А.
|c специалист в области нефтегазового дела
|c доцент Томского политехнического университета
|f 1957-
|g Владимир Александрович
|2 stltpush
|3 (RuTPU)RU\TPU\pers\26137
|4 070
|
| 712 |
0 |
2 |
|a Национальный исследовательский Томский политехнический университет (ТПУ)
|c (2009- )
|2 stltpush
|3 (RuTPU)RU\TPU\col\15902
|
| 801 |
|
1 |
|a RU
|b 63413507
|c 20190318
|
| 801 |
|
2 |
|a RU
|b 63413507
|c 20191112
|g RCR
|
| 942 |
|
|
|c BK
|
| 959 |
|
|
|a 2/20190315
|d 20
|e 759,00
|f УФ:20
|
| 959 |
|
|
|a 14/20191009
|d 1
|e 812,13
|f УФ:1
|